000 00418cam a2200181ua 4500
020 _c5.00
041 _ahin
_h
082 _a891.54
_bSUM/UT
100 _aSumitranandan pant, .
245 _aUthara /
_cSumitranandan pant.
_hTextual Documents
250 _a2 /
_b.
260 _a :
_bBharati bhandar ,
_c1983.
300 _a145 ; .
365 _a5.00
504 _a
942 _cBK
999 _c3801
_d3801